000
00298nam a2200121Ia 4500
008
220216s9999 xx 000 0 und d
100
_a
Abraham T
245
0
_a
Rubber clone vikasanathile vividha khattangal
260
_b
Rubber
_c
2016
300
_a
16-18
650
_a
Clone selection
942
_c
BS
999
_c
49202
_d
49202